000 00576nam a2200193Ia 4500
008 140321s9999 xx 000 0 und d
020 _a9780857029744
050 _aHD 30.4
_b.M999 2013
100 _aMyers, Michael D.
245 _aQualitative research in business and management /
_cMichael D. Myers.
250 _a2nd ed.
260 _aCalifornia :
_bSage Publications,
_cc2013.
300 _a277 p. :
_c24 cm.
500 _aIncludes bibliographical references and index.
521 _aBSBA
650 _aManagement
_xResearch.
942 _kFOR
_cBK
999 _c48251
_d48251